Totale Institution und Rechtsschutz: eine Untersuchung zum Rechtsschutz im Strafvollzug

Gespeichert in:  
Bibliographische Detailangaben
VerfasserInnen: Feest, Johannes 1939- (Verfasst von) ; Lesting, Wolfgang 1954- (Verfasst von) ; Selling, Peter (Verfasst von)
Medienart: Druck Buch
Sprache:Deutsch
Veröffentlicht: Opladenen Westdt. Verl. 1997
In:Jahr: 1997
Online-Zugang: Cover
Cover
Inhaltsverzeichnis
Bestand in Tübingen:In Tübingen vorhanden.
IFK: F V 256
Bestand in Albert-Krebs Bibliothek:ND.20.018
2015-176
Verfügbarkeit prüfen: HBZ Gateway
Subito Bestelldienst: Jetzt bestellen.
Schlagwörter:

MARC

LEADER 00000cam a2200000 c 4500
001 22475565X
003 DE-627
005 20260206200330.0
007 tu
008 970221s1997 gw ||||| 00| ||ger c
015 |a 97,N10,0284  |2 dnb 
015 |a 97,A32,0461  |2 dnb 
016 7 |a 949726338  |2 DE-101 
020 |a 3531129988  |c  : ca. DM 48.00 (kart.)  |9 3-531-12998-8 
035 |a (DE-627)22475565X 
035 |a (DE-603)052040585 
035 |a (DE-576)057081212 
035 |a (DE-599)DNB949726338 
035 |a (OCoLC)243855798 
035 |a (OCoLC)243855798 
035 |a (DE-604)8112181546 
040 |a DE-627  |b ger  |c DE-627  |e rakwb 
041 |a ger 
044 |c XA-DE 
084 |a 19  |2 sdnb 
084 |a 2,1  |2 ssgn 
084 |a PH 5320  |2 rvk  |0 (DE-625)rvk/136201: 
084 |a 86.37  |2 bkl 
100 1 |a Feest, Johannes  |d 1939-  |0 (DE-588)1034945262  |0 (DE-627)746522738  |0 (DE-576)382568397  |4 aut 
109 |a Feest, Johannes 1939-  |a Feest, Johannes B. 1939-  |a Feest, J. 1939- 
245 1 0 |a Totale Institution und Rechtsschutz  |b eine Untersuchung zum Rechtsschutz im Strafvollzug  |c Johannes Feest; Wolfgang Lesting; Peter Selling 
264 1 |a Opladenen  |b Westdt. Verl.  |c 1997 
300 |a 252 S.  |b graph. Darst.  |c 21 cm 
336 |a Text  |b txt  |2 rdacontent 
337 |a ohne Hilfsmittel zu benutzen  |b n  |2 rdamedia 
338 |a Band  |b nc  |2 rdacarrier 
500 |a Literaturverz. S. 207 - 210 
505 8 |a Literaturverz. S. 207 - 210 
505 8 |a Literaturverz. S. 207 - 210 
650 0 7 |0 (DE-588)4057808-2  |0 (DE-627)106149415  |0 (DE-576)20912377X  |a Strafvollzug  |2 gnd 
650 4 |a Strafgefangener  |x Rechtsschutz  |7 (dpeaa)DE-2619 
650 4 |a Rechtsbeschwerde  |7 (dpeaa)DE-2619 
689 0 0 |d s  |0 (DE-588)4057788-0  |0 (DE-627)104540796  |0 (DE-576)209123710  |a Strafgefangener  |2 gnd 
689 0 1 |d s  |0 (DE-588)4048835-4  |0 (DE-627)106189387  |0 (DE-576)209079444  |a Rechtsschutz  |2 gnd 
689 0 |5 DE-101 
700 1 |a Lesting, Wolfgang  |d 1954-  |0 (DE-588)112083994  |0 (DE-627)638441641  |0 (DE-576)332746267  |4 aut 
700 1 |a Selling, Peter  |4 aut 
856 4 2 |u https://swbplus.bsz-bw.de/bsz057081212cov.jpg  |m V:DE-576  |m X:springer  |q image/jpeg  |v 20140207104454  |3 Cover  |7 1 
856 4 2 |u https://www.gbv.de/dms/spk/sbb/toc/280073119.pdf  |m V:DE-601  |m B:DE-1  |q pdf/application  |3 Inhaltsverzeichnis  |7 1 
856 4 2 |u http://scans.hebis.de/HEBCGI/show.pl?05204058_cov.jpg  |m V:DE-576;X:springer  |q image/jpeg  |3 Cover  |7 1 
889 |w (DE-627)280073119 
935 |a mkri 
935 |i Blocktest 
935 |h HEB  |i 0501 
935 |h HEB  |i 0503 
936 r v |a PH 5320  |b Sonstige Einzelfragen  |k Rechtswissenschaft  |k Strafrecht, Strafverfahrensrecht, Kriminologie  |k Strafvollzug  |k Sonstige Einzelfragen  |0 (DE-627)127167503X  |0 (DE-625)rvk/136201:  |0 (DE-576)20167503X 
936 b k |a 86.37  |j Strafvollzug  |0 (DE-627)106413546 
936 s n |a p100  |2 mzub 
951 |a BO 
ELC |b 1 
LOK |0 000 xxxxxcx a22 zn 4500 
LOK |0 001 3168312037 
LOK |0 003 DE-627 
LOK |0 004 22475565X 
LOK |0 005 20020607000000 
LOK |0 008 980213||||||||||||||||ger||||||| 
LOK |0 040   |a DE-21-110  |c DE-627  |d DE-21-110 
LOK |0 852   |a DE-21-110 
LOK |0 852 1  |c F V 256  |m p  |9 00 
LOK |0 935   |a k110 
LOK |0 936ln  |a 12.3 
LOK |0 938   |k p 
LOK |0 939   |a 13-02-98  |b l01 
LOK |0 000 xxxxxcx a22 zn 4500 
LOK |0 001 3168312657 
LOK |0 003 DE-627 
LOK |0 004 22475565X 
LOK |0 005 19970527000000 
LOK |0 008 970408||||||||||||||||ger||||||| 
LOK |0 040   |a DE-Frei85  |c DE-627  |d DE-Frei85 
LOK |0 852   |a DE-Frei85 
LOK |0 852 1  |m p  |9 00 
LOK |0 938   |k p 
LOK |0 939   |a 08-04-97  |b l01 
LOK |0 000 xxxxxcx a22 zn 4500 
LOK |0 001 4196246141 
LOK |0 003 DE-627 
LOK |0 004 22475565X 
LOK |0 005 20221011150312 
LOK |0 008 221011||||||||||||||||ger||||||| 
LOK |0 035   |a (DE-2619)k01242 
LOK |0 040   |a DE-2619  |c DE-627  |d DE-2619 
LOK |0 092   |o n 
LOK |0 541   |e Bestand Albert-Krebs-Bibliothek: 2015-176 
LOK |0 852   |a DE-2619 
LOK |0 852 1  |c ND.20.018  |m p  |9 00 
LOK |0 935   |a kreb 
LOK |0 938   |k p 
LOK |0 939   |a 11-10-22  |b l01 
ORI |a SA-MARC-krimdoka001.raw 
SIG |a IFK: F V 256